Statistics for Everton Best Scorer By Year

Click here to take the quiz!

General Stats

  • This quiz has been taken 1,004 times
    (17 since last reset)
  • The average score is 13 of 44

Answer Stats

Player% Correct
Dominic Calvert-Lewin
93%
Romelu Lukaku
73%
Dwight McNeil
60%
Gylfi Sigurðsson
60%
Richarlison
53%
Wayne Rooney
53%
Duncan Ferguson
47%
Gary Lineker
47%
Graeme Sharp
47%
Louis Saha
47%
Tim Cahill
47%
Andrew Johnson
40%
Bob Latchford
40%
David Johnson
40%
Marouane Fellaini
40%
Nikica Jelavić
40%
Paul Rideout
40%
Tony Cottee
40%
Adrian Heath
33%
Yakubu
33%
Alan Ball
27%
Andrei Kanchelskis
27%
James Beattie
27%
Jimmy Harris
27%
Joe Royle
27%
Kevin Campbell
27%
Peter Beardsley
20%
Tomasz Radzinski
20%
Trevor Steven
20%
Abdoulaye Doucouré
13%
Roy Vernon
13%
Andy King
7%
Bobby Collins
7%
Brian Kidd
7%
Dave Hickson
7%
Edward Thomas
7%
Fred Pickering
7%
Jimmy McIntosh
7%
Joe Harper
7%
John Connolly
7%
John Parker
7%
Mick Lyons
7%
Peter Eastoe
7%
Tony McNamara
7%

Score Distribution

Percentile by Number Answered

Percent of People with Each Score

Your Score History

You have not taken this quiz since the last reset